00230nam a2200097Ia 4500008004100000100000900041245003100050260002700081942000700108999001700115190216s9999||||xx |||||||||||||| ||und|| aNull 0aHindi-Madya Hindi Vyakaran bVikas Publishing House cBK c17827d17827